Learning about nature through crafts,

A simple guide to nature study describing the characteristics of common trees, flowers, and animals. Also includes directions for making handicrafts out of easily available materials.

Saved in:
Bibliographic Details
Main Author: Musselman, Virginia W.
Format: Book
Language:English
Published: [Harrisburg, Pa.] Stackpole Books [1969]
Subjects:
LEADER 01103nam a2200289 4500
001 c000410830
003 CARM
005 00000000000000.0
008 700114s1969 paua j b 00010 eng
019 1 |a 81505 
020 |a 0811709388 
040 |a VDU  |c VDU 
050 0 0 |a TT157  |b .M82 
082 0 4 |a 745.5 
100 1 |a Musselman, Virginia W. 
245 1 0 |a Learning about nature through crafts,  |c by Virginia W. Musselman. 
260 0 |a [Harrisburg, Pa.]  |b Stackpole Books  |c [1969] 
300 |a 128 p.  |b illus.  |c 22 cm. 
520 |a A simple guide to nature study describing the characteristics of common trees, flowers, and animals. Also includes directions for making handicrafts out of easily available materials. 
504 |a Bibliography: p. 128. 
650 0 |a Nature craft. 
650 0 |a Nature study. 
650 1 |a Handicraft. 
650 1 |a Nature study. 
852 8 |b CARM  |h A3:AF17A0  |i B12011  |p 0567552  |f BK 
999 f f |i eb4028ac-f478-5e11-947c-8f0f55aab995  |s c8fb4dcb-93d4-50bd-88c2-4ba8cf536d32 
952 f f |p Can circulate  |a CAVAL  |b CAVAL  |c CAVAL  |d CARM 1 Store  |e B12011  |f A3:AF17A0  |h Other scheme  |i book  |m 0567552